000 00395nam a2200181Ia 4500
005 20251020182545.0
008 200515s9999 xx 000 0 und d
082 _a747:725/I29/1
110 _aIdea Books
245 0 _aIdea Construcción : cocinas
260 _aBarcelona
260 _cs.a.
300 _a119
500 _a1 ejemplar
650 _aCOCINAS
650 _aLIB
942 _cLIB
999 _c2543
_d2543